Patients and healers in the context of culture : an exploration of the borderline between anthropology, medicine, and psychiatry

Αποθηκεύτηκε σε:
Λεπτομέρειες βιβλιογραφικής εγγραφής
Κύριος συγγραφέας: Kleinman, Arthur
Μορφή: Βιβλίο
Γλώσσα:English
Δημοσίευση: Berkeley : University of California Press, c1980
Σειρά:Comperative studies of health systems and medical care ; ; 3
Θέματα:
Ετικέτες: Προσθήκη ετικέτας
Δεν υπάρχουν, Καταχωρήστε ετικέτα πρώτοι!

MARC

LEADER 00000nam a2200000 i 4500
001 1/93885
008 991123s1980 eng d
020 |a 0-520-04511-4 
035 |l 10054580 
040 |a GR-MY-UA  |b gre  |e aacr 
041 0 |a eng 
082 0 |a 306.4 
100 1 |a Kleinman, Arthur. 
245 1 0 |a Patients and healers in the context of culture :  |b an exploration of the borderline between anthropology, medicine, and psychiatry /  |c Arthur Kleinman 
260 |a Berkeley :   |b University of California Press,   |c c1980 
300 |a 427 p. 
490 1 |a Comparative studies of health systems and medical care  |v ; 3 
504 |a Bibliography: p. 393-414 
650 0 0 |a Medical anthropology. 
650 0 0 |a Psychiatry, Transcultural. 
830 0 |a Comperative studies of health systems and medical care ;  |v ; 3 
852 |a INST  |b LESVOS  |e 19991123  |h 306.4 KLE  |p 005100022117  |q 005100022117  |t BK  |y 0 
901 |a BIBL1-2000-1 
909 |a Λ  |b 069370 
922 |a 1ΕΛΗ  |b 199910  |c ΚΠΣ/ΤΚΑ  |d LEADER 
950 |a 117-1999-07-30 
970 |a ΤΖΑΦΕΡΗ  |b ΕΥΑΓΓΕΛΙΑ  |z 2000/01/24